000 00405cam a22001337a 4500
008 180718b1992 xxu||||| |||| 00| 0 eng d
020 _a0195068696
082 _aA7:1x54 H629/92
245 _aA historical atlas of South Asia
_cedited by Joseph E. Schwartzberg
260 _aNew York
_bOxford University Press
_c1992
300 _a376p.
650 _aAtlases, South Asia
700 _aSchwartzberg, Joseph E.
999 _c364196
_d364196